| 000 | 00721nam a2200229 u 4500 | ||
|---|---|---|---|
| 005 | 20240802063718.0 | ||
| 008 | 170118s2008 mx r 000 0 spa d | ||
| 020 | _a9789709597707 | ||
| 020 | _a9789709597745 | ||
| 035 | _aUPN01000215355 | ||
| 049 | _aI | ||
| 050 | 4 |
_aPZ78 _bN6.58 |
|
| 100 | 1 |
_aNoriega Alvarez, María del Rocío _934126 |
|
| 245 | 1 | 3 |
_aEl muchacho que quería temblar / _cMaría del Rocío Noriega Alvarez. |
| 260 |
_aMéxico : _bLa Varita de Zahorí, _c2008. |
||
| 300 |
_a25 p. : _bil. col. |
||
| 440 | 0 |
_aCuentos infantiles. _pLectura inter-opcional |
|
| 650 | 4 |
_aCuentos infantiles mexicanos _97723 |
|
| 650 | 4 |
_aLiteratura infantil mexicana _910209 |
|
| 905 | _aLibro | ||
| 999 |
_c187455 _d187455 |
||